Statistics for 台湾鉄道行先クイズ

Click here to take the quiz!

General Stats

  • This quiz has been taken 11 times
  • The average score is 23 of 67

Answer Stats

駅名列車% Correct
臺南自強324など
100%
臺中自強372など
100%
臺北區間1288
100%
花蓮自強170など
90%
桃園區間1298など
80%
彰化自強109など
80%
基隆自強112など
80%
嘉義自強156など
80%
新竹區間1109など
70%
新左營自強304など
70%
瑞芳自強176など
70%
臺東自強161など
70%
蘇澳區間快4036など
50%
苗栗自強157など
50%
八堵區間4703など
50%
宜蘭區間快4033など
50%
屏東自強105など
50%
七堵自強102など
50%
南港普悠瑪132など
50%
蘇澳新區間快4022など
40%
中壢區間1261など
40%
潮州自強101など
40%
池上區間快4031など
40%
員林自強477など
40%
田中區間2101など
40%
樹林自強207など
30%
大甲區間2610など
30%
二水區間2269など
30%
菁桐區間4704など
30%
豐原區間2190など
30%
竹南區間1241など
30%
竹北區間2554
30%
玉里區間4507など
30%
鶯歌區間快1007
30%
斗六自強283など
30%
北湖區間1129など
20%
楊梅區間1283
20%
六家區間1702など
20%
枋寮普悠瑪111など
20%
竹東區間1844
20%
斗南自強177
20%
善化區間3266など
20%
海科館區間4811など
20%
沙崙區間3701など
20%
汐止區間1140
20%
車埕區間快2703など
20%
新營區間3143など
20%
新烏日區間2237
20%
內灣區間1802
20%
竹中區間1805など
20%
福隆區間4152など
10%
南澳區間4216など
10%
湖口區間快4013など
10%
后里區間2122など
10%
沙鹿區間2634
10%
頭城區間4117など
10%
三義區間1257
10%
銅鑼區間2128
10%
瑞穗自強222
10%
和平區間4513
10%
十分區間4744
10%
通霄區間2604など
10%
知本太魯閣402など
10%
壽豐自強232など
0%
光復區間4533
0%
民雄區間3242
0%
永康區間3724など
0%

Score Distribution

Percentile by Number Answered

Percent of People with Each Score

Your Score History

You have not taken this quiz